000
00311nam a22001457a 4500
008
210312b ||||| |||| 00| 0 eng d
020
_a
9780131217539
041
_a
eng
080
_2
5th
_a
316
082
_2
5th
_a
316
100
_a
50
101
_a
SOC
245
_a
Sociology
_c
Macionis,J.J
942
_2
udc
_c
BK
999
_c
56611
_d
56611